000 00555nam a2200169Ia 4500
003 GCL
008 140319s9999 xx 000 0 ara d
040 _aGCL /
_cGCL
082 0 4 _a341.247
_bع م
245 1 0 _aالمركز القانونى الدولى لمنظمة التحرير الفلسطينية
260 _aالقاهرة :
_bدار النهضة العربية ،
_c1988
300 _a245 ص ؛
_c24 سم
490 _a
650 0 4 _aمنظمة التحرير الفلسطينية
650 0 4 _aالقانون الدولى
942 _2ddc
_cBK
999 _c46152
_d46152